00338pab a2200145 454500008004000000100001700040245005200057260000900109300001100118362000800129650001800137650001000155700001600165773001100181180718b1999 xxu||||| |||| 00| 0 eng d aMittal, R.K. aCredit off take in public sector banks: a study c1999 ap.9-11 aOct aBanks - India aBanks aAshok Kumar aYojana